MARC

LEADER 00000nam0a2200000 4500
001 31945
005 20231101210052.0
010 |a 2882510357 
035 |a (RuTPU)RU\TPU\book\32240 
035 |a BOOK00000070 
090 |a 31945 
100 |a 20011210d1992 m y0rusy50 ca 
101 0 |a rus 
102 |a RU  |a CH 
105 |a а z 001za 
200 1 |a Опыт монографии  |f Э. А. Штейнберг 
210 |a Москва  |c Art MIF LTD  |c Кавен Лтд  |d 1992 
215 |a 220 с.  |c ил. 
320 |a Библиогр.: с. 216-219. 
600 1 |a Штейнберг  |b Э. А.  |c российский художник  |f 1937-  |g Эдуард Аркадьевич  |2 stltpush  |3 (RuTPU)RU\TPU\pers\13839  |9 4351 
610 1 |a искусство 
610 1 |a живопись 
610 1 |a Россия 
610 1 |a 20 век 
675 |a 75.071(092)Штейнберг,Э.  |v 3 
700 1 |a Штейнберг  |b Э. А.  |g Эдуард Аркадьевич 
801 0 |a RU  |b 63413507  |c 20011210  |g PSBO 
801 2 |a RU  |b 63413507  |c 20060104  |g PSBO 
942 |c BK